000
00315nam a2200133Ia 4500
003
OSt
008
191201s2015 xx 000 0 und d
100
_a
MITRA,Barun K
245
0
_a
Personality Development and Soft Skills
260
_a
N. Delhi
_b
Oxford pub
_c
2015
300
_a
258
650
_a
BBA
942
_2
ddc
_c
BK
999
_c
6463
_d
6463